Kashmir: (Record no. 17973)

MARC details
000 -LEADER
fixed length control field 007520000a22002170004500
003 - CONTROL NUMBER IDENTIFIER
control field dpl
005 - DATE AND TIME OF LATEST TRANSACTION
control field 2008103106256.0
008 - FIXED-LENGTH DATA ELEMENTS--GENERAL INFORMATION
fixed length control field 081031t xxu||||| |||| 00| 0 eng d
010 ## - LIBRARY OF CONGRESS CONTROL NUMBER
LC control number ENG-84669
020 ## - INTERNATIONAL STANDARD BOOK NUMBER
International Standard Book Number 8173917302
Terms of availability 450.00 (hb)
035 ## - SYSTEM CONTROL NUMBER
System control number EN-68202
040 ## - CATALOGING SOURCE
Transcribing agency dpl
082 ## - DEWEY DECIMAL CLASSIFICATION NUMBER
Classification number 954.11
100 ## - MAIN ENTRY--PERSONAL NAME
Personal name Dhar, D N
245 ## - TITLE STATEMENT
Title Kashmir:
Statement of responsibility, etc a keleidoscopic view /
-- by D N Dhar
260 ## - PUBLICATION, DISTRIBUTION, ETC. (IMPRINT)
Place of publication, distribution, etc New Delhi
Name of publisher, distributor, etc Kanishka Publishers, Distributors
Date of publication, distribution, etc 2005
300 ## - PHYSICAL DESCRIPTION
Extent xii,204p
Dimensions 22cm
500 ## - GENERAL NOTE
General note Includes bibliographical references and index
942 ## - ADDED ENTRY ELEMENTS (KOHA)
Source of classification or shelving scheme Dewey Decimal Classification
Koha item type English Books
Classification part 954.11
Call number suffix DHA
Holdings
Withdrawn status Lost status Source of classification or shelving scheme Damaged status Not for loan Home library Current library Date acquired Cost, normal purchase price Total Checkouts Full call number Barcode Date last seen Copy number Cost, replacement price Price effective from Koha item type
    Dewey Decimal Classification   Not For Loan D.B.Act.Division D.B.Act.Division 12/03/2007 450.00   954.11 DHA EN-68202 04/11/2008 1 450.00 04/11/2008 English Books

© Delhi Public Library
Hit Counter
free hit counter